00967cam a2200289 a 450000100090000000300040000900500170001300800410003001000170007101500190008801600180010702000380012503500240016303500210018704000540020805000250026208200250028724500270031226000680033930000270040749000310043465000240046565000250048971000370051483000430055185600830059414845488OSt20151024161401.0070510s2007 mau 000 0 eng  a 2007019475 aGBA7539032bnb7 a0137898082Uk a9781422118610 (pbk. : alk. paper) a(OCoLC)ocn125404824 a(OCoLC)125404824 aDLCcDLCdBAKERdBTCTAdUKMdC#PdYDXCPdGHGdDLC00aHF 5381b.M2864 200700aIB 650.14 bM31 200700aManaging your career / aBoston, Massachusetts :bHarvard Business School Press,cc2007. aviii, 100 p. :c18 cm.1 aThe lessons learned series 0aCareer development. 0aVocational guidance.2 aHarvard Business School.bPress. 0aLessons learned series (Boston, Mass.)413Table of contents onlyuhttp://www.loc.gov/catdir/toc/ecip0718/2007019475.html